【1889年】長野県の町村 - Statistics

General Stats
  • This quiz has been taken 21 times
  • The average score is 111 of 391
Answers on the Map
Answers color-coded by a green-red scale on the quiz's map according to % correct below.
 
Answer Stats
町村 % Correct
野沢村
93%
長野町
93%
川上村
86%
小諸町
86%
上田町
86%
富士見村
86%
上村
86%
福島村
86%
王滝村
86%
飯山町
86%
南牧村
79%
南相木村
79%
岩村田町
79%
御代田村
79%
塩尻村
79%
原村
79%
南箕輪村
79%
朝日村
79%
飯田町
79%
根羽村
79%
泰阜村
79%
喬木村
79%
大鹿村
79%
木祖村
79%
松本町
79%
山形村
79%
安曇村
79%
大町
79%
松川村
79%
須坂町
79%
中野町
79%
戸隠村
79%
臼田村
71%
小海村
71%
北相木村
71%
北御牧村
71%
和田村
71%
上諏訪村
71%
下諏訪村
71%
伊那村
71%
宮田村
71%
上郷村
71%
開田村
71%
大桑村
71%
山口村
71%
坂北村
71%
麻績村
71%
屋代町
71%
松代町
71%
小布施村
71%
鬼無里村
71%
栄村
64%
南御牧村
64%
武石村
64%
青木村
64%
赤穂村
64%
飯島村
64%
箕輪村
64%
清内路村
64%
下條村
64%
平岡村
64%
日義村
64%
坂井村
64%
生坂村
64%
豊科村
64%
南小谷村
64%
北小谷村
64%
大岡村
64%
戸倉村
64%
堺村
64%
三水村
64%
長久保新町
57%
長窪古町
57%
丸子村
57%
境村
57%
豊田村
57%
西箕輪村
57%
上飯田村
57%
鼎村
57%
奈川村
57%
三岳村
57%
読書村
57%
田立村
57%
中川村
57%
本城村
57%
洗馬村
57%
八坂村
57%
美麻村
57%
神城村
57%
稲荷山町
57%
上山田村
57%
坂城村
57%
夜間瀬村
57%
木島村
57%
牟礼村
57%
水内村
57%
安茂里村
57%
東長倉村
50%
西長倉村
50%
和村
50%
長村
50%
西春近村
50%
下久堅村
50%
上久堅村
50%
神稲村
50%
楢川村
50%
新開村
50%
吾妻村
50%
波多村
50%
池田町村
50%
杭瀬下村
50%
吉田村
50%
四賀村
43%
北山村
43%
本郷村
43%
高遠町
43%
中沢村
43%
河南村
43%
市田村
43%
千代村
43%
駒ヶ根村
43%
里山辺村
43%
入山辺村
43%
南穂高村
43%
北穂高村
43%
穂高村
43%
畑八村
36%
西塩田村
36%
東塩田村
36%
東伊那村
36%
東春近村
36%
東箕輪村
36%
広丘村
36%
東穂高村
36%
西穂高村
36%
平村
36%
七二会村
36%
北牧村
29%
穂積村
29%
伍賀村
29%
県村
29%
傍陽村
29%
波合村
29%
八重河内村
29%
南和田村
29%
今井村
29%
笹賀村
29%
梓村
29%
五加村
29%
三輪村
29%
中津村
21%
布施村
21%
三都和村
21%
中塩田村
21%
平野村
21%
智里村
21%
豊村
21%
新村
21%
松本村
21%
倭村
21%
広津村
21%
北城村
21%
中土村
21%
山田村
21%
平穏村
21%
芋井村
21%
海瀬村
14%
志賀村
14%
高瀬村
14%
中佐都村
14%
五郎兵衛新田村
14%
大門村
14%
別所村
14%
川岸村
14%
落合村
14%
小野村
14%
中箕輪村
14%
美和村
14%
大島村
14%
座光寺村
14%
伍和村
14%
神坂村
14%
岡田村
14%
温村
14%
常盤村
14%
陸郷村
14%
更級村
14%
桑原村
14%
塩崎村
14%
御厨村
14%
上氷鉋村
14%
真島村
14%
青木島村
14%
森村
14%
雨宮県村
14%
西条村
14%
豊栄村
14%
保科村
14%
川田村
14%
綿内村
14%
日野村
14%
日滝村
14%
高井村
14%
大豆島村
14%
柳原村
14%
古里村
14%
浅川村
14%
北小川村
14%
南小川村
14%
中瀬村
7%
大日向村
7%
田口村
7%
桜井村
7%
三岡村
7%
南大井村
7%
北大井村
7%
春日村
7%
協和村
7%
芦田村
7%
滋野村
7%
殿城村
7%
依田村
7%
東内村
7%
西内村
7%
富士山村
7%
長地村
7%
永明村
7%
湖東村
7%
玉川村
7%
泉野村
7%
中洲村
7%
湖南村
7%
湊村
7%
伊那富村
7%
七久保村
7%
上片桐村
7%
片桐村
7%
富県村
7%
伊那里村
7%
藤沢村
7%
長藤村
7%
山吹村
7%
竜丘村
7%
山本村
7%
三穂村
7%
会地村
7%
富草村
7%
大下条村
7%
旦開村
7%
神原村
7%
竜江村
7%
河野村
7%
生田村
7%
木沢村
7%
会田村
7%
日向村
7%
東川手村
7%
中川手村
7%
上川手村
7%
中山村
7%
科布村
7%
村上村
7%
八幡村
7%
川柳村
7%
信級村
7%
御幣川村
7%
今里村
7%
稲里村
7%
小島田村
7%
東福寺村
7%
南条村
7%
中之条村
7%
埴生村
7%
倉科村
7%
清野村
7%
東条村
7%
寺尾村
7%
井上村
7%
仁礼村
7%
都住村
7%
延徳村
7%
穂波村
7%
科野村
7%
上木島村
7%
住郷村
7%
芹田村
7%
朝陽村
7%
長沼村
7%
神郷村
7%
若槻村
7%
信濃尻村
7%
柏原村
7%
古間村
7%
柵村
7%
青沼村
0%
切原村
0%
大沢村
0%
平賀村
0%
内山村
0%
前山村
0%
岸野村
0%
平根村
0%
三井村
0%
小沼村
0%
大里村
0%
川辺村
0%
本牧村
0%
横鳥村
0%
祢津村
0%
神川村
0%
豊里村
0%
本原村
0%
神科村
0%
長瀬村
0%
塩川村
0%
城下村
0%
泉田村
0%
室賀村
0%
浦里村
0%
米沢村
0%
豊平村
0%
金沢村
0%
宮川村
0%
川島村
0%
南向村
0%
三義村
0%
美篶村
0%
手良村
0%
松尾村
0%
下川路村
0%
伊賀良村
0%
島内村
0%
錦部村
0%
五常村
0%
島立村
0%
神林村
0%
宗賀村
0%
筑摩地村
0%
片丘村
0%
寿村
0%
芳川村
0%
明盛村
0%
烏川村
0%
高家村
0%
有明村
0%
社村
0%
会染村
0%
七貴村
0%
信田村
0%
牧郷村
0%
更府村
0%
信里村
0%
西寺尾村
0%
高甫村
0%
小山村
0%
豊洲村
0%
高丘村
0%
長丘村
0%
高野村
0%
豊郷村
0%
市川村
0%
古牧村
0%
鳥居村
0%
高岡村
0%
富士里村
0%
津和村
0%
日里村
0%
小田切村
0%
豊井村
0%
永田村
0%
秋津村
0%
外様村
0%
太田村
0%
岡山村
0%
No matching quizzes found
Score Distribution
Percent of People with Each Score
Percentile by Number Answered
Your Score History
You have not taken this quiz